| 000 -LEADER |
| fixed length control field |
00488nam a2200169Ia 4500 |
| 001 - CONTROL NUMBER |
| control field |
9178 |
| 003 - CONTROL NUMBER IDENTIFIER |
| control field |
GE_BSU |
| 008 - FIXED-LENGTH DATA ELEMENTS--GENERAL INFORMATION |
| fixed length control field |
181216s||||||||xx |||||||||||||| ||und|| |
| 040 ## - CATALOGING SOURCE |
| Transcribing agency |
GE_BSU |
| 245 ## - TITLE STATEMENT |
| Title |
International Political Science Review Volume 35 Number 1. January 2014 |
| 245 ## - TITLE STATEMENT |
| Statement of responsibility, etc. |
Genaral Editors Marian Sawer and Mark Kesselman |
| 260 ## - PUBLICATION, DISTRIBUTION, ETC. |
| Date of publication, distribution, etc. |
2014 |
| 300 ## - PHYSICAL DESCRIPTION |
| Extent |
126p.24cm. |
| 653 ## - INDEX TERM--UNCONTROLLED |
| Uncontrolled term |
International Political Science Review |
| 653 ## - INDEX TERM--UNCONTROLLED |
| Uncontrolled term |
პერიოდიკა |
| 942 ## - ADDED ENTRY ELEMENTS (KOHA) |
| Koha item type |
პერიოდიკა |